Action stations (Record no. 74656)
[ view plain ]
| 000 -LEADER | |
|---|---|
| fixed length control field | 01297cab a2200253 4500 |
| 001 - CONTROL NUMBER | |
| control field | ABS68570 |
| 008 - FIXED-LENGTH DATA ELEMENTS--GENERAL INFORMATION | |
| fixed length control field | 041207n2004 000 0 eng u |
| 035 ## - SYSTEM CONTROL NUMBER | |
| System control number | (Sirsi) u128235 |
| 100 ## - MAIN ENTRY--PERSONAL NAME | |
| Personal name | Cooper, K. |
| 245 ## - TITLE STATEMENT | |
| Title | Action stations |
| 260 ## - PUBLICATION, DISTRIBUTION, ETC. | |
| Date of publication, distribution, etc. | 2004 |
| 490 ## - SERIES STATEMENT | |
| Series statement | Inside Housing |
| Volume/sequential designation | 21(46) 19 November 2004, 20-23(3) |
| 520 ## - SUMMARY, ETC. | |
| Summary, etc. | Investigates the slow pace of delivery of the Thames Gateway concept and outlines the progress so far. Discusses the creation of a network of working groups and delivery vehicles including the setting up of several urban development companies, the increasing number of committed housing sites and greater private sector interest. However, the Planning and Compulsory Purchase Act 2004 will slow down the planning process even further before improving it. Housing developers are reserving judgment on the new delivery vehicles being set up to accelerate development. Provides a who's who in the Thames Gateway and a map of and table on key development sites in London, Essex and Kent. |
| 590 ## - LOCAL NOTE (RLIN) | |
| Local note | ABS |
| 650 ## - SUBJECT ADDED ENTRY--TOPICAL TERM | |
| Topical term or geographic name entry element | THAMES GATEWAY |
| 650 ## - SUBJECT ADDED ENTRY--TOPICAL TERM | |
| Topical term or geographic name entry element | LONDON |
| 650 ## - SUBJECT ADDED ENTRY--TOPICAL TERM | |
| Topical term or geographic name entry element | ESSEX |
| 650 ## - SUBJECT ADDED ENTRY--TOPICAL TERM | |
| Topical term or geographic name entry element | KENT |
| 650 ## - SUBJECT ADDED ENTRY--TOPICAL TERM | |
| Topical term or geographic name entry element | DEVELOPMENT SITES |
| 650 ## - SUBJECT ADDED ENTRY--TOPICAL TERM | |
| Topical term or geographic name entry element | DELIVERY VEHICLES |
| 650 ## - SUBJECT ADDED ENTRY--TOPICAL TERM | |
| Topical term or geographic name entry element | PLANNING AND COMPULSORY PURCHASE ACT 2004 |
| 690 ## - LOCAL SUBJECT ADDED ENTRY--TOPICAL TERM (OCLC, RLIN) | |
| Topical term or geographic name as entry element | REGENERATION |
| 942 ## - ADDED ENTRY ELEMENTS (KOHA) | |
| Suppress in OPAC | 0 |
| Withdrawn status | Lost status | Source of classification or shelving scheme | Damaged status | Not for loan | Home library | Current library | Shelving location | Date acquired | Total Checkouts | Full call number | Barcode | Date last seen | Copy number | Price effective from | Koha item type |
|---|---|---|---|---|---|---|---|---|---|---|---|---|---|---|---|
| Dewey Decimal Classification | London | London | Journal article | 07/12/2004 | ABS68570 | 128235-1001 | 06/08/2019 | 1 | 06/08/2019 | Journal article |